Female Labour Force Participation in the EU Countries
Prehľad literatúry v oblasti účasti žien na pracovnej sile. Determinanty účasti žien a jej nárastu na pracovnej sile na celom svete. Porovnanie účasti žien v škandinávskych krajinách voči krajinám V4. Porovnanie účasti mužov a žien na pracovnej sile.
Enregistré dans:
| Auteur principal: | |
|---|---|
| Format: | Chapitre de livre |
| Langue: | anglais |
| Sujets: | |
| Tags: |
Pas de tags, Soyez le premier à ajouter un tag!
|
MARC
| LEADER | 00000nla a2200000 4500 | ||
|---|---|---|---|
| 001 | 0233424 | ||
| 005 | 20250528102838.0 | ||
| 041 | 0 | |a eng | |
| 044 | |a TH | ||
| 245 | 1 | 0 | |a Female Labour Force Participation in the EU Countries |c Andrej Přívara |
| 520 | |a Prehľad literatúry v oblasti účasti žien na pracovnej sile. Determinanty účasti žien a jej nárastu na pracovnej sile na celom svete. Porovnanie účasti žien v škandinávskych krajinách voči krajinám V4. Porovnanie účasti mužov a žien na pracovnej sile. | ||
| 610 | 2 | 0 | |a zamestnanosť |
| 610 | 2 | 0 | |a sily pracovné |
| 610 | 2 | 0 | |a ženy |
| 610 | 2 | 0 | |a manažéri |
| 610 | 2 | 0 | |a pracovníci |
| 610 | 2 | 0 | |a lídri |
| 610 | 2 | 0 | |a Škandinávia |
| 610 | 2 | 0 | |a Vyšehradská štvorka |
| 610 | 2 | 0 | |a Európska únia |
| 100 | 1 | |a Přívara, Andrej, 1983- | |